000 00241nam a2200109 a 4500
005 20140414093833.0
008 970110s19uu xx 00 eng d
050 _aVHS 900
_bOR 09
245 _aJose Rizal.
942 _cAVM
999 _c108856
_d108856